Nennen Sie alle Länder der Welt alphabetisch nach Kontinent - Statistiken

Allgemein
  • Dieses Quiz wurde 1.436 mal gespielt
  • Das Durchschnittsergebnis liegt bei 93 aus 196
Antwortstatistiken
Antwort % Korrekt
Ä Ägypten
87%
Ä Äthiopien
72%
A Algerien
70%
Ä Äquatorial Guinea
68%
A Angola
66%
B Belgien
65%
A Albanien
64%
A Andorra
64%
D Dänemark
64%
D Deutschland
64%
E Estland
63%
F Finnland
63%
F Frankreich
63%
B Benin
62%
I Irland
61%
I Island
61%
Ö Österreich
60%
B Bulgarien
59%
G Griechenland
59%
L Lettland
59%
B Burundi
58%
D Dschibuti
58%
L Litauen
58%
B Bosnien und Herzegowina
57%
I Italien
57%
L Liechtenstein
57%
L Luxemburg
57%
E Eritrea
56%
K Kroatien
56%
B Belarus
55%
P Portugal
55%
V Vatikanstadt
55%
C China
54%
P Polen
54%
R Ruanda
54%
R Russland
54%
U Uganda
54%
Z Zentralafrikanische Republik
54%
B Botswana
53%
E Eswatini
53%
G Gabun
53%
G Gambia
53%
G Ghana
53%
R Rumänien
53%
B Burkina Faso
52%
G Guinea
52%
G Guinea-Bissau
52%
K Kamerun
52%
U Ungarn
52%
D Demokratische Republik Kongo
51%
E Elfenbeinküste
51%
M Mali
51%
M Malta
51%
N Niger
51%
N Norwegen
51%
A Armenien
50%
A Aserbaidschan
50%
J Jemen
50%
K Kosovo
50%
M Monaco
50%
N Niederlande
50%
N Nigeria
50%
N Nordmazedonien
50%
S San Marino
50%
S Serbien
50%
S Slowakei
50%
S Slowenien
50%
Z Zypern
50%
A Australien
49%
J Jordanien
49%
L Lesotho
49%
L Libyen
49%
M Madagaskar
49%
M Montenegro
49%
N Namibia
49%
O Oman
49%
S Sambia
49%
I Indien
48%
I Irak
48%
I Iran
48%
K Kenia
48%
L Liberia
48%
S Schweden
48%
S Schweiz
48%
S Spanien
48%
T Tansania
48%
U Ukraine
48%
A Afghanistan
47%
A Argentinien
47%
B Brasilien
47%
C Chile
47%
F Fidschi
47%
H Haiti
47%
H Honduras
47%
J Jamaika
47%
J Japan
47%
M Mauretanien
47%
V Vereinigtes Königreich
47%
A Antigua und Barbuda
46%
B Bahrain
46%
E Ecuador
46%
T Tschechien
46%
U Uruguay
46%
V Venezuela
46%
B Bolivien
45%
C Costa Rica
45%
G Georgien
45%
I Indonesien
45%
K Kolumbien
45%
L Laos
45%
M Marokko
45%
M Moldawien
45%
O Osttimor
45%
P Paraguay
45%
S Sudan
45%
S Südsudan
45%
B Bahamas
44%
B Belize
44%
B Bhutan
44%
D Dominikanische Republik
44%
I Israel
44%
K Kap Verde
44%
K Kasachstan
44%
K Komoren
44%
T Togo
44%
T Tunesien
44%
V Vereinigte Staaten
44%
B Bangladesch
43%
B Barbados
43%
G Guyana
43%
M Malawi
43%
M Mauritius
43%
M Mosambik
43%
P Peru
43%
U Usbekistan
43%
V Vanuatu
43%
V Vietnam
43%
D Dominica
42%
G Guatemala
42%
K Kanada
42%
N Nauru
42%
P Palau
42%
S Senegal
42%
S Surinam
42%
E El Salvador
41%
K Kuba
41%
M Mexiko
41%
N Neuseeland
41%
N Nordkorea
41%
S Somalia
41%
S St. Lucia
41%
T Tschad
41%
T Tuvalu
41%
B Brunei
40%
K Kambodscha
40%
K Kiribati
40%
M Marshallinseln
40%
N Nepal
40%
P Pakistan
40%
S St. Kitts und Nevis
40%
S St. Vincent und die Grenadinen
40%
T Turkmenistan
40%
K Kirgisistan
39%
N Nicaragua
39%
P Panama
39%
S Samoa
39%
S São Tomé und Príncipe
39%
S Seychellen
39%
S Simbabwe
39%
T Tadschikistan
39%
T Trinidad und Tobago
39%
G Grenada
38%
L Libanon
38%
M Myanmar
38%
S Salomonen
38%
S Sierra Leone
38%
T Tonga
38%
K Katar
37%
M Mongolei
37%
S Südafrika
37%
V Vereinigte Arabische Emirate
37%
F Föderierte Staaten von Mikronesien
36%
K Kuwait
36%
M Malaysia
36%
P Papua-Neuguinea
35%
P Philippinen
35%
S Südkorea
35%
T Thailand
35%
T Türkei
35%
S Saudi-Arabien
33%
M Malediven
32%
R Republik Kongo
32%
S Syrien
32%
S Singapur
30%
S Sri Lanka
30%
T Taiwan
30%
Keine übereinstimmenden Quizze gefunden
Verteilung der Resultate
Anzahl Personen mit jedem Resultat
Perzentil nach korrekt beantworteten Fragen
Ihre Resultats-Entwicklung
Sie haben dieses Quiz noch nicht gespielt